|
|
|
|
| LEADER |
00883nam a22001817a 4500 |
| 082 |
|
|
|a 894.M1
|b KAR/P K6
|
| 100 |
|
|
|a തിരുനല്ലൂ൪ കരുണാകര൯;
|9 43124
|
| 100 |
|
|
|a Thirunaloor Karunakaran
|9 43185
|
| 240 |
|
|
|a Praemam madhuramanu dheeravumanu
|
| 245 |
|
|
|a പ്രേമം മധുരമാണ് ധീരവുമാണ്
|
| 250 |
|
|
|a 3rd / 1st (1956)
|
| 260 |
|
|
|a Trivandrum
|b Prabhatham Printing & Publishing Co. (P) Ltd.;
|c 1966
|
| 300 |
|
|
|a 48p.
|
| 650 |
|
|
|a മലയാളം; മലയാളസാഹിത്യം; മലയാളം കവിതകള്
|9 43207
|
| 650 |
|
|
|a Malayalam; Malayalam Literature; Malayalam Poetry
|9 43208
|
| 942 |
|
|
|c BK
|
| 999 |
|
|
|c 40237
|d 40237
|
| 952 |
|
|
|0 0
|1 0
|4 0
|6 894_000000000000000_M1_KAR_P_K6
|7 0
|8 POE
|9 45911
|a MAL
|b MAL
|d 2015-06-30
|e 17346
|g 0.75
|l 0
|o 894.M1 KAR/P K6
|p MAL017346
|r 2015-06-30
|t 1
|w 2015-06-30
|y BK
|